[Event "DLM 2010"]
[Site "Stuttgart GER"]
[Date "2010.11.18"]
[Round "3"]
[White "Wenninger, Philipp"]
[Black "Wild, Achim"]
[Result "1-0"]
[Termination "normal"]
[Board "4.1"]
[WhiteElo "2080"]
[BlackElo "2089"]
[WhiteTeam "Württemberg 2"]
[BlackTeam "Saarland"]
[WhiteFideId "4648404"]
[BlackFideId "4658728"]
[EventCountry "GER"]
[EventRounds "7"]
[EventType "team-swiss"]
[EventDate "2010.11.16"]

1. d4 d5 2. c4 c6 3. Nf3 Nf6 4. e3 e6 5. Bd3 Nbd7 6. O-O Bd6 7. Nbd2 c5 8. cxd5
exd5 9. dxc5 Nxc5 10. Bb5+ Ncd7 11. Nc4 Bxh2+ 12. Nxh2 dxc4 13. Bxc4 O-O 14. b3
Qa5 15. Bd2 Qg5 16. Nf3 Qh5 17. Bc3 b5 18. Be2 Ng4 19. Qd4 Ndf6 20. Qf4 Nd5 21.
Qd4 Nxc3 22. Qxc3 Bb7 23. Qc7 Rab8 24. Qg3 Nf6 25. Nd4 Qd5 26. Bxb5 Ne4 27. Qh2
Rbd8 28. Bc4 Qg5 29. Nf3 Qg4 30. Ne5 Qg5 31. Qf4 Qxf4 32. exf4 Nd2 33. Rfd1
Nxc4 34. Nxc4 Bd5 35. Ne3 Be4 36. Rac1 f6 37. f3 Bb7 38. Rxd8 Rxd8 39. Rc7 Rb8
40. Nf5 a5 41. Rxg7+ 1-0

[Event "DLM 2010"]
[Site "Stuttgart GER"]
[Date "2010.11.18"]
[Round "3"]
[White "Müller, Denis"]
[Black "Müller, Philipp"]
[Result "1/2-1/2"]
[Termination "normal"]
[Board "4.2"]
[WhiteElo "1959"]
[BlackElo "1992"]
[WhiteTeam "Saarland"]
[BlackTeam "Württemberg 2"]
[WhiteFideId "4696140"]
[BlackFideId "24683701"]
[EventCountry "GER"]
[EventRounds "7"]
[EventType "team-swiss"]
[EventDate "2010.11.16"]

1. e4 Nc6 2. Nf3 d6 3. d4 g6 4. Be2 Bg7 5. Be3 Nf6 6. Nc3 O-O 7. O-O Bg4 8. d5
Bxf3 9. Bxf3 Ne5 10. Be2 c5 11. h3 Qa5 12. Qd2 b5 13. a3 Rfc8 14. f4 Ned7 15.
g4 Nb6 16. g5 Nfd7 17. b4 cxb4 18. Nxb5 Qa4 19. Nd4 Bxd4 20. Qxd4 bxa3 21. Qxa4
Nxa4 22. Rxa3 Rc3 23. Rfa1 a5 24. Bd4 Rxa3 25. Rxa3 Nac5 26. Bb5 a4 27. Kg2 Ra5
28. c4 f6 29. h4 Kf7 30. Kf3 Ra8 31. Bc6 Ra6 32. Kg4 Nb6 33. Bb5 Ra8 34. Bxc5
dxc5 35. gxf6 Kxf6 36. e5+ Kf7 37. Kg5 Rb8 38. Rd3 a3 39. Rxa3 Nxd5 40. cxd5
Rxb5 41. Kh6 c4 42. Rc3 Rxd5 43. Rxc4 1/2-1/2

[Event "DLM 2010"]
[Site "Stuttgart GER"]
[Date "2010.11.18"]
[Round "3"]
[White "Zimmermann, Ulrich"]
[Black "Frischmann, Rick"]
[Result "0-1"]
[Termination "normal"]
[Board "4.3"]
[WhiteElo "2055"]
[BlackElo "1906"]
[WhiteTeam "Württemberg 2"]
[BlackTeam "Saarland"]
[WhiteFideId "24654523"]
[BlackFideId "24660752"]
[EventCountry "GER"]
[EventRounds "7"]
[EventType "team-swiss"]
[EventDate "2010.11.16"]

1. g3 g6 2. Bg2 Bg7 3. d4 Nf6 4. e4 d6 5. Ne2 O-O 6. O-O e5 7. Nbc3 exd4 8.
Nxd4 Nbd7 9. Nb3 Re8 10. h3 Nf8 11. Bg5 Ne6 12. Be3 a6 13. Qd2 Rb8 14. a4 b6
15. a5 Nc5 16. axb6 Nfxe4 17. bxc7 Qxc7 18. Nxe4 Nxe4 19. Qd3 Nc5 20. Nxc5 dxc5
21. Bf4 Be5 22. Rfe1 Bf5 23. Bxe5 Rxe5 24. Qxa6 Bxc2 25. Qf6 Rbe8 26. Rxe5 Qxe5
27. Qc6 Rd8 28. Rf1 Rd2 29. Qa8+ Kg7 30. Qa5 Qd4 31. Qc3 Bf5 32. g4 Be6 33. Rc1
Qxc3 34. Rxc3 c4 35. Bf1 Rd4 36. Kg2 Bd5+ 37. Kg3 g5 38. Bg2 Be6 39. Kf3 Bd5+
40. Kg3 Be6 41. Kf3 Rf4+ 42. Ke3 h5 43. f3 f5 44. h4 fxg4 45. hxg5 Rf5 46. f4
h4 47. Be4 Rb5 48. f5 Bxf5 49. Bxf5 Rxf5 50. Rxc4 Rf3+ 51. Ke2 Rg3 52. Kf2 Kg6
53. b4 Rf3+ 54. Kg2 Kxg5 55. Rc5+ Rf5 56. Rc8 h3+ 57. Kg3 Rf3+ 58. Kh2 Rf2+ 59.
Kg1 Rb2 60. b5 Kh4 61. b6 h2+ 62. Kh1 Kh3 63. b7 Rb1+ 0-1

[Event "DLM 2010"]
[Site "Stuttgart GER"]
[Date "2010.11.18"]
[Round "3"]
[White "Holle, Cedric"]
[Black "Stitterich, Nadine"]
[Result "1-0"]
[Termination "normal"]
[Board "4.4"]
[WhiteElo "1780"]
[BlackElo "2000"]
[WhiteTeam "Saarland"]
[BlackTeam "Württemberg 2"]
[WhiteFideId "24692158"]
[BlackFideId "24676527"]
[EventCountry "GER"]
[EventRounds "7"]
[EventType "team-swiss"]
[EventDate "2010.11.16"]

1. e4 c5 2. Nf3 e6 3. d4 cxd4 4. Nxd4 Nc6 5. Be3 Qc7 6. c4 Nf6 7. Nc3 a6 8. Be2
Bb4 9. f3 O-O 10. O-O d6 11. Kh1 Re8 12. Qb3 Bxc3 13. bxc3 Nd7 14. Qa3 Rb8 15.
Rab1 Nc5 16. Nxc6 Qxc6 17. e5 Bd7 18. exd6 b6 19. Rfd1 Na4 20. Rb3 e5 21. Rdb1
Bf5 22. Rc1 Red8 23. Rb4 Nc5 24. h3 h6 25. Bxc5 Qxc5 26. Ra4 Qf2 27. Bf1 e4 28.
fxe4 Bxe4 29. c5 bxc5 30. Rxe4 Rxd6 31. Rce1 Rb2 32. Qa4 Rg6 33. Re8+ Kh7 34.
Qe4 f5 35. Qa8 Rg3 36. Rh8+ Kg6 37. Re6+ Kh5 38. Be2+ Kh4 39. Qd8+ Rg5 40.
Rhxh6+ 1-0

[Event "DLM 2010"]
[Site "Stuttgart GER"]
[Date "2010.11.18"]
[Round "3"]
[White "Gibicar, Danijel"]
[Black "Brühan, Caren"]
[Result "1-0"]
[Termination "normal"]
[Board "4.5"]
[WhiteElo "1992"]
[BlackElo "1683"]
[WhiteTeam "Württemberg 2"]
[BlackTeam "Saarland"]
[WhiteFideId "24660256"]
[BlackFideId "24691976"]
[EventCountry "GER"]
[EventRounds "7"]
[EventType "team-swiss"]
[EventDate "2010.11.16"]

1. d4 d5 2. c4 c6 3. Nf3 Nf6 4. e3 e6 5. b3 Bd6 6. Bb2 O-O 7. Bd3 Nbd7 8. O-O
Re8 9. Ne5 c5 10. Nd2 a6 11. f4 b6 12. Rf3 Bb7 13. Rh3 h6 14. Ndf3 dxc4 15.
Nxc4 Bxf3 16. Qxf3 Bc7 17. Ne5 cxd4 18. Bxd4 Nxe5 19. fxe5 Nd7 20. Rf1 Rf8 21.
Qe4 g6 22. Rxh6 Qg5 23. Qf4 Qxf4 24. exf4 Kg7 25. Rh3 b5 26. Be4 Rad8 27. Rd3
a5 28. Rfd1 Nb6 29. Be3 Rxd3 30. Rxd3 Rd8 31. Rxd8 Bxd8 32. Kf2 f6 33. exf6+
Kxf6 34. Bd4+ Kf7 35. g3 Nd5 36. Bxd5 exd5 37. Kf3 Ke6 38. g4 Be7 39. Kg3 a4
40. bxa4 bxa4 41. h4 Bd6 42. Kf3 Be7 43. h5 gxh5 44. f5+ Kf7 45. gxh5 Bg5 46.
Kg4 Bh6 47. Kf3 Ke7 48. Be5 1-0

[Event "DLM 2010"]
[Site "Stuttgart GER"]
[Date "2010.11.18"]
[Round "3"]
[White "Alt, Elisabeth"]
[Black "Zeller, Elisa"]
[Result "0-1"]
[Termination "normal"]
[Board "4.6"]
[WhiteElo "1386"]
[BlackElo "1770"]
[WhiteTeam "Saarland"]
[BlackTeam "Württemberg 2"]
[WhiteFideId "24692620"]
[BlackFideId "24662410"]
[EventCountry "GER"]
[EventRounds "7"]
[EventType "team-swiss"]
[EventDate "2010.11.16"]

1. e4 e5 2. Nf3 Nc6 3. d4 exd4 4. Nxd4 d6 5. Bc4 Nf6 6. Nc3 Be7 7. O-O O-O 8.
Bb3 Bg4 9. Nf3 Ne5 10. Kh1 Nfd7 11. Nd5 Bh4 12. Ne3 Bh5 13. Nf5 Nxf3 14. gxf3
Ne5 15. Nd4 c5 16. Ne2 Bxf3+ 17. Kg1 Qf6 0-1

[Event "DLM 2010"]
[Site "Stuttgart GER"]
[Date "2010.11.18"]
[Round "3"]
[White "Hupfer, Garlef"]
[Black "Müller, Max"]
[Result "1/2-1/2"]
[Termination "normal"]
[Board "4.7"]
[WhiteElo "1677"]
[BlackElo "1298"]
[WhiteTeam "Württemberg 2"]
[BlackTeam "Saarland"]
[WhiteFideId "12906662"]
[BlackFideId "12900486"]
[EventCountry "GER"]
[EventRounds "7"]
[EventType "team-swiss"]
[EventDate "2010.11.16"]

1. e4 e6 2. d4 d5 3. Nd2 dxe4 4. Nxe4 Be7 5. Nf3 Nf6 6. Ng3 O-O 7. Bd3 c5 8.
O-O Nc6 9. c3 cxd4 10. Nxd4 Nxd4 11. cxd4 b6 12. Be3 Bb7 13. Rc1 Qd5 14. f3 Qd7
15. Ne4 Nd5 16. Qe2 Rfc8 17. Rc4 Nxe3 18. Qxe3 Bd5 19. Rxc8+ Rxc8 20. Nc3 Bf6
21. Rd1 Rd8 22. Kf1 g6 23. Ba6 Qc7 24. g3 Bc4+ 25. Bxc4 Qxc4+ 26. Qe2 Rxd4 27.
Qxc4 Rxc4 28. Nb5 a6 29. Nd6 Rd4 30. Rxd4 Bxd4 31. b3 Kf8 32. Ke2 Ke7 33. Nc4
b5 34. Nd2 h6 35. Kd3 Bb6 36. Ke4 Ba5 37. Nf1 Bb6 38. g4 Bf2 39. h3 Kd6 40. Nd2
f5+ 41. Kd3 Kd5 42. a3 Bc5 43. Nb1 b4 44. a4 Bd6 45. Nd2 Bc7 46. Nc4 a5 47. Ke3
g5 48. Kd3 f4 49. Nd2 1/2-1/2

[Event "DLM 2010"]
[Site "Stuttgart GER"]
[Date "2010.11.18"]
[Round "3"]
[White "Müller, Sophie"]
[Black "Gaßmann, Linda"]
[Result "1/2-1/2"]
[Termination "normal"]
[Board "4.8"]
[WhiteElo "1168"]
[BlackElo "1821"]
[WhiteTeam "Saarland"]
[BlackTeam "Württemberg 2"]
[WhiteFideId "12926698"]
[BlackFideId "12900451"]
[EventCountry "GER"]
[EventRounds "7"]
[EventType "team-swiss"]
[EventDate "2010.11.16"]

1. d4 Nf6 2. c4 g6 3. Nc3 Bg7 4. Bf4 O-O 5. e3 d6 6. Nf3 Nbd7 7. Bd3 Re8 8. O-O
e5 9. dxe5 dxe5 10. Bg5 h6 11. Bxf6 Nxf6 12. Bc2 Qxd1 13. Raxd1 Bg4 14. e4 Bxf3
15. gxf3 Rad8 16. Nb5 c6 17. Nd6 Re7 18. c5 Nh5 19. Bb3 Rdd7 20. Kh1 Kh7 21.
Rg1 Nf4 22. Rg3 Bf6 23. Rgg1 Ne2 24. Rge1 Nd4 25. Re3 Bh4 26. Kg2 b6 27. Nc4
bxc5 28. Ba4 Rb7 29. Rb1 Bg5 30. Rc3 Ne2 31. Ra3 Nd4 32. Na5 Rb6 33. Nc4 Ra6
34. Nd6 Rd7 35. Nc4 Re7 36. Nd6 Bd2 37. Bb3 Rxa3 38. bxa3 f5 39. Nc4 Bg5 40.
Na5 fxe4 41. fxe4 Bd2 42. Nc4 Bf4 43. Ba4 h5 44. Rb8 Bc1 45. Rc8 Ne2 46. Bc2
Nd4 47. Ba4 Nb5 1/2-1/2

[Event "DLM 2010"]
[Site "Stuttgart GER"]
[Date "2010.11.18"]
[Round "3"]
[White "Colpe, Malte"]
[Black "Weber, Max"]
[Result "1/2-1/2"]
[Termination "normal"]
[Board "5.1"]
[WhiteElo "2228"]
[BlackElo "2004"]
[WhiteTeam "Hamburg"]
[BlackTeam "Mecklenburg-Vorpommern"]
[WhiteFideId "24623075"]
[BlackFideId "4624831"]
[EventCountry "GER"]
[EventRounds "7"]
[EventType "team-swiss"]
[EventDate "2010.11.16"]

1. d4 Nf6 2. c4 g6 3. Nc3 d5 4. Bg5 Ne4 5. Bh4 Nxc3 6. bxc3 dxc4 7. e3 Be6 8.
Be2 Bg7 9. Nf3 O-O 10. O-O c6 11. Ng5 Bd5 12. e4 h6 13. exd5 hxg5 14. dxc6 Nxc6
15. Bxg5 Qd5 16. Qc1 e5 17. Bf3 Qd7 18. d5 Ne7 19. Qa3 Nf5 20. d6 f6 21. Be3
Rfd8 22. Bc5 Bf8 23. Qb4 Bxd6 24. Qxc4+ Kg7 25. Rab1 Rac8 26. Rxb7 Rc7 27. Bc6
Qxc6 28. Bxd6 Qxc4 29. Rxc7+ Qxc7 30. Bxc7 Rd2 31. Ra1 Rc2 32. Ba5 Ne7 33. Bb4
Nd5 34. g3 Kf7 35. a4 Nxc3 36. Bxc3 Rxc3 37. Rb1 Rc7 38. Rb5 Ke6 1/2-1/2

[Event "DLM 2010"]
[Site "Stuttgart GER"]
[Date "2010.11.18"]
[Round "3"]
[White "Lehmann, Ruben"]
[Black "Borgmeyer, Max"]
[Result "0-1"]
[Termination "normal"]
[Board "5.2"]
[WhiteElo "1892"]
[BlackElo "2170"]
[WhiteTeam "Mecklenburg-Vorpommern"]
[BlackTeam "Hamburg"]
[WhiteFideId "24671177"]
[BlackFideId "24615870"]
[EventCountry "GER"]
[EventRounds "7"]
[EventType "team-swiss"]
[EventDate "2010.11.16"]

1. d4 Nf6 2. c4 e6 3. Nf3 Bb4+ 4. Bd2 Qe7 5. e3 Nc6 6. a3 Bxd2+ 7. Nbxd2 d6 8.
Be2 e5 9. d5 Nb8 10. O-O O-O 11. b4 a5 12. Qb3 Na6 13. Rac1 b6 14. Rfd1 Nd7 15.
Ne4 f5 16. Ned2 Kh8 17. e4 f4 18. Ne1 Rf6 19. Bg4 Rh6 20. Ndf3 Ndc5 21. bxc5
Nxc5 22. Qc2 Bxg4 23. Rb1 Qf7 24. h3 Bd7 25. Qe2 Qg6 0-1

[Event "DLM 2010"]
[Site "Stuttgart GER"]
[Date "2010.11.18"]
[Round "3"]
[White "Müller, Tobias"]
[Black "Schreiber, Kevin"]
[Result "1-0"]
[Termination "normal"]
[Board "5.3"]
[WhiteElo "2064"]
[BlackElo "1755"]
[WhiteTeam "Hamburg"]
[BlackTeam "Mecklenburg-Vorpommern"]
[WhiteFideId "24643394"]
[BlackFideId "24655830"]
[EventCountry "GER"]
[EventRounds "7"]
[EventType "team-swiss"]
[EventDate "2010.11.16"]

1. c4 e6 2. g3 d5 3. Bg2 c6 4. Nf3 Nf6 5. O-O Bd6 6. d4 Nbd7 7. b3 O-O 8. Bb2
Re8 9. Ne5 Bxe5 10. dxe5 Ng4 11. e4 Ngxe5 12. exd5 exd5 13. cxd5 cxd5 14. Qxd5
Qb6 15. Na3 Nf6 16. Qb5 Bd7 17. Qxb6 axb6 18. Bxb7 Ra7 19. Bg2 Nd3 20. Bxf6
Rxa3 21. Bd4 h6 22. Bxb6 Bf5 23. Rfd1 Rc8 24. Rd2 Rb8 25. Bd4 Rc8 26. Bb2 Ra7
27. g4 Bg6 28. h3 Nb4 29. a3 Nd3 30. Bf1 Nc5 31. Rc1 Rac7 32. b4 Ne4 33. Rxc7
Rxc7 34. Rd8+ Kh7 35. Bd3 Ng5 36. Kg2 Bxd3 37. Rxd3 Rc2 38. Bd4 Ne6 39. Be3 Ra2
40. Rb3 Kg6 41. b5 Nd8 42. b6 Nb7 43. Rc3 f6 44. Rc7 Na5 45. Bc5 1-0

[Event "DLM 2010"]
[Site "Stuttgart GER"]
[Date "2010.11.18"]
[Round "3"]
[White "Valet, Alexander"]
[Black "Grötzbach, Julian"]
[Result "1/2-1/2"]
[Termination "normal"]
[Board "5.4"]
[WhiteElo "1926"]
[BlackElo "1879"]
[WhiteTeam "Mecklenburg-Vorpommern"]
[BlackTeam "Hamburg"]
[WhiteFideId "24682560"]
[BlackFideId "24600938"]
[EventCountry "GER"]
[EventRounds "7"]
[EventType "team-swiss"]
[EventDate "2010.11.16"]

1. e4 c5 2. Nc3 a6 3. d3 b5 4. g3 Bb7 5. Bg2 e6 6. f4 d6 7. Nf3 Nd7 8. O-O Ngf6
9. Qe2 Be7 10. Bd2 Qb6 11. Kh1 Rc8 12. Nd1 O-O 13. Nf2 c4 14. d4 b4 15. c3 Qc6
16. Rfe1 bxc3 17. Bxc3 Nb6 18. Nh4 Qd7 19. Ng4 Na4 20. Rab1 Rfe8 21. Nxf6+ Bxf6
22. Nf3 Bc6 23. Nd2 d5 24. Qf2 Rb8 25. exd5 exd5 26. Nf3 Nxc3 27. bxc3 Rb5 28.
Ne5 Bxe5 29. fxe5 Reb8 30. Qc2 h6 31. Kg1 Qe7 32. Rxb5 axb5 33. Qf2 Kf8 34. Qf4
Bd7 35. Kf2 Ke8 36. h3 Kf8 37. Ke2 Bc6 38. Kf2 1/2-1/2

[Event "DLM 2010"]
[Site "Stuttgart GER"]
[Date "2010.11.18"]
[Round "3"]
[White "Krüger, David"]
[Black "Rogasch, Miriam"]
[Result "1-0"]
[Termination "normal"]
[Board "5.5"]
[WhiteElo "1696"]
[BlackElo "1803"]
[WhiteTeam "Hamburg"]
[BlackTeam "Mecklenburg-Vorpommern"]
[WhiteFideId "12921858"]
[BlackFideId "4616324"]
[EventCountry "GER"]
[EventRounds "7"]
[EventType "team-swiss"]
[EventDate "2010.11.16"]

1. d4 Nf6 2. c4 g6 3. g3 Bg7 4. Bg2 O-O 5. Nf3 d6 6. O-O Nbd7 7. Nc3 c5 8. e3
a6 9. Re1 Rb8 10. a4 e6 11. e4 e5 12. dxe5 Nxe5 13. Nxe5 dxe5 14. Be3 b6 15.
Qb3 Be6 16. Rad1 Qc8 17. Nd5 Nxd5 18. exd5 Bh3 19. Bh1 f5 20. f4 e4 21. Bg2
Bxg2 22. Kxg2 b5 23. axb5 axb5 24. cxb5 Rd8 25. Rc1 Bf8 26. d6+ Kh8 27. Rxc5
Qd7 28. Bd4+ Bg7 29. Rc7 Bxd4 30. Rxd7 Rxd7 31. Qd5 Bxb2 32. Qc6 Rbd8 33. Rd1
Ba3 34. Qc3+ 1-0

[Event "DLM 2010"]
[Site "Stuttgart GER"]
[Date "2010.11.18"]
[Round "3"]
[White "Schmekel, Florian"]
[Black "Lemke, Berfîn"]
[Result "0-1"]
[Termination "normal"]
[Board "5.6"]
[WhiteElo "1561"]
[BlackElo "1442"]
[WhiteTeam "Mecklenburg-Vorpommern"]
[BlackTeam "Hamburg"]
[WhiteFideId "12913456"]
[BlackFideId "1270578"]
[EventCountry "GER"]
[EventRounds "7"]
[EventType "team-swiss"]
[EventDate "2010.11.16"]

1. d4 d5 2. c4 e6 3. Nc3 Be7 4. f3 c6 5. cxd5 exd5 6. e4 dxe4 7. fxe4 Nf6 8.
Bg5 Nxe4 9. Bxe7 Qxe7 10. Nge2 Bg4 11. h3 Qh4+ 12. g3 Nxg3 13. hxg4 Nxh1+ 14.
Kd2 O-O 15. Bg2 Qh6+ 16. Kc2 Nf2 17. Qe1 Qg6+ 18. Kb3 Qe6+ 19. Kc2 Qe3 20. Qf1
Na6 21. a3 Rfe8 0-1

[Event "DLM 2010"]
[Site "Stuttgart GER"]
[Date "2010.11.18"]
[Round "3"]
[White "Hölzer, Jeanette"]
[Black "Schumann, Rabea"]
[Result "0-1"]
[Termination "normal"]
[Board "5.7"]
[WhiteElo "1371"]
[BlackElo "1128"]
[WhiteTeam "Hamburg"]
[BlackTeam "Mecklenburg-Vorpommern"]
[WhiteFideId "12917982"]
[BlackFideId "12918199"]
[EventCountry "GER"]
[EventRounds "7"]
[EventType "team-swiss"]
[EventDate "2010.11.16"]

1. e4 e5 2. Nf3 Nc6 3. d4 exd4 4. Nxd4 Bc5 5. Be3 Bb6 6. c3 d6 7. Bc4 Nf6 8. f3
Nxd4 9. Bxd4 Be6 10. Bd3 O-O 11. Nd2 Re8 12. Nc4 Bxc4 13. Bxc4 Bxd4 14. cxd4 d5
15. Bb3 dxe4 16. O-O exf3 17. Rxf3 Qd6 18. Rc1 Ng4 19. Bxf7+ Kh8 20. g3 Re7 21.
Bh5 Nf6 22. Rf5 g6 23. Qf3 gxf5 24. Qxf5 Nxh5 0-1

[Event "DLM 2010"]
[Site "Stuttgart GER"]
[Date "2010.11.18"]
[Round "3"]
[White "Sadewasser, Lucie"]
[Black "Ludwig, Maria"]
[Result "1-0"]
[Termination "normal"]
[Board "5.8"]
[WhiteElo "1279"]
[BlackElo "1027"]
[WhiteTeam "Mecklenburg-Vorpommern"]
[BlackTeam "Hamburg"]
[WhiteFideId "12905445"]
[BlackFideId "24655791"]
[EventCountry "GER"]
[EventRounds "7"]
[EventType "team-swiss"]
[EventDate "2010.11.16"]

1. e4 e5 2. Nf3 Nc6 3. Nc3 Nf6 4. d4 Bb4 5. d5 Na5 6. Qd3 Bxc3+ 7. Qxc3 c6 8.
Qxe5+ Qe7 9. Qxe7+ Kxe7 10. b4 Nxe4 11. bxa5 cxd5 12. Bd3 Nc5 13. O-O Kd8 14.
Re1 d6 15. Ng5 Nxd3 16. Nxf7+ Kd7 17. cxd3 Rf8 18. Ng5 h6 19. Nf3 g5 20. Ba3 g4
21. Ne5+ Kd8 22. Bxd6 Rf6 23. Ba3 h5 24. Nxg4 Rg6 25. Ne3 h4 26. Nxd5 Kd7 27.
Rac1 Rg7 28. Nf6+ Kd8 29. Re8# 1-0